000 00843nam a2200277 4500
001 32049
010 _a9789720728470
021 _aPT
_b393748/15
090 _a32049
100 _a20160225d2015 cd y0pory50030103ba
101 0 _apor
102 _aPT
200 1 _aA princesa da chuva
_fLuísa Ducla Soares
_gil. Ana Afonso
205 _areimp.
210 _aPorto
_cPorto Editora
_d2017
215 _a31, [2] p.
_cil.
_d30 cm
225 2 _aLuísa Ducla Soares
300 _aLer + Plano Nacional de Leitura.
675 _a087.5
_vBN
_zpor
675 _a821.134.3-93"19/20"
_vBN
_zpor
675 _a821.134.3-34"19/20"
_vBN
_zpor
700 _92431
_aSoares
_bLuísa Ducla
_f1939-
_4070
701 _4440
_93600
_aAfonso
_bAna
801 0 _aPT
_bBN
_gRPC
856 4 1 _uhttp://rnod.bn.pt/ImagesBN/winlibimg.aspx?skey=&doc=1923562&img=73327&save=true
990 _cLIVROS